| 000 | 01210nam2a2200241 4500 | ||
|---|---|---|---|
| 001 | rc\2941486 | ||
| 005 | 20260315055809.0 | ||
| 035 | _a(NLR Aleph) 007090248 | ||
| 090 |
_a13599853 _c13599853 |
||
| 100 | _a20110825d1937 u y0rusy50 ca | ||
| 101 | 0 | _arus | |
| 102 | _aRU | ||
| 105 | _aa z ||||| | ||
| 200 | 1 | _aСравнительные материалы по истории кризисов в важнейших капиталистических странах | |
| 210 | _d1937 | ||
| 215 |
_aПереплет, XXII, 808 с. _cдиагр. |
||
| 320 | _aБиблиогр.: "Библиография по истории кризисов" (с. 79-800) | ||
| 461 | 0 |
_1001rc\2941485 _12001#$aМировые экономические кризисы 1848-1935$eТ. I-$fПод общ. ред. Е. Варга$gАкад. наук СССР. Ин-т мирового хоз-ва и мировой политики$vТ. 1 _96566530 _cМосква _d1937 _fПод общ. ред. Е. Варга _nСоцэкгиз _oТ. I- _tМировые экономические кризисы 1848-1935 _vТ. 1 |
|
| 801 | 0 |
_aRU _bNLR _gpsbo |
|
| 801 | 1 |
_aRU _bELAR _2rusmarc |
|
| 852 |
_aNLR _j37-19/34(1) |
||
| 942 | _cUNSPEC | ||
| 980 | _aNB | ||